[Event "Icelandic Team Championship 2021"]
[Site "Reykjavik"]
[Date "2021.10.01"]
[Round "2.11"]
[White "Ragnarsson, Dagur"]
[Black "Pantzar, Milton"]
[Result "0-1"]
[WhiteElo "2376"]
[BlackElo "2423"]

1. d4 {[%clk 01:30:57]} {[%emt 00:00:02]} d5 {[%clk 01:30:19]} {[%emt
00:00:40]} 2. c4 {[%clk 01:30:08]} {[%emt 00:01:20]} e6 {[%clk 01:30:26]}
{[%emt 00:00:22]} 3. Nc3 {[%clk 01:29:58]} {[%emt 00:00:41]} Nf6 {[%clk
01:30:27]} {[%emt 00:00:29]} 4. Nf3 {[%clk 01:30:01]} {[%emt 00:00:26]} dxc4
{[%clk 01:30:32]} {[%emt 00:00:26]} 5. e3 {[%clk 01:27:11]} {[%emt 00:03:19]}
a6 {[%clk 01:30:21]} {[%emt 00:00:42]} 6. Bxc4 {[%clk 01:26:28]} {[%emt
00:01:12]} b5 {[%clk 01:30:01]} {[%emt 00:00:51]} 7. Bb3 {[%clk 01:22:40]}
{[%emt 00:04:17]} c5 {[%clk 01:28:10]} {[%emt 00:02:21]} 8. O-O {[%clk
01:23:00]} {[%emt 00:00:10]} Bb7 {[%clk 01:26:47]} {[%emt 00:01:54]} 9. Re1
{[%clk 01:20:02]} {[%emt 00:03:27]} Nc6 {[%clk 01:14:08]} {[%emt 00:13:10]} 10.
a3 {[%clk 00:50:02]} {[%emt 00:30:30]} Rc8 {[%clk 01:08:23]} {[%emt 00:06:15]}
11. Ba2 {[%clk 00:43:51]} {[%emt 00:06:41]} Be7 {[%clk 00:46:32]} {[%emt
00:22:21]} 12. dxc5 {[%clk 00:31:22]} {[%emt 00:12:59]} Bxc5 {[%clk 00:46:23]}
{[%emt 00:00:39]} 13. b4 {[%clk 00:31:36]} {[%emt 00:00:16]} Bd6 {[%clk
00:44:31]} {[%emt 00:02:22]} 14. Bb2 {[%clk 00:26:40]} {[%emt 00:05:26]} O-O
{[%clk 00:43:46]} {[%emt 00:01:15]} 15. Ne2 {[%clk 00:24:08]} {[%emt 00:03:02]}
Ng4 {[%clk 00:34:50]} {[%emt 00:09:27]} 16. Ned4 {[%clk 00:09:34]} {[%emt
00:15:04]} Nce5 {[%clk 00:23:24]} {[%emt 00:11:56]} 17. h3 {[%clk 00:09:26]}
{[%emt 00:00:38]} Nxf3+ {[%clk 00:22:12]} {[%emt 00:01:42]} 18. Nxf3 {[%clk
00:09:49]} {[%emt 00:00:08]} Bxf3 {[%clk 00:21:18]} {[%emt 00:01:23]} 19. Qxf3
{[%clk 00:10:13]} {[%emt 00:00:05]} Bh2+ {[%clk 00:20:22]} {[%emt 00:01:27]} 20.
Kh1 {[%clk 00:08:54]} {[%emt 00:01:48]} Be5 {[%clk 00:20:31]} {[%emt 00:00:21]}
21. Rad1 {[%clk 00:07:41]} {[%emt 00:01:43]} Qe7 {[%clk 00:13:00]} {[%emt
00:08:02]} 22. Bc1 {[%clk 00:06:42]} {[%emt 00:01:30]} Nf6 {[%clk 00:10:17]}
{[%emt 00:03:12]} 23. e4 {[%clk 00:04:50]} {[%emt 00:02:22]} h6 {[%clk
00:07:28]} {[%emt 00:03:19]} 24. Qe2 {[%clk 00:04:25]} {[%emt 00:00:54]} Rc6
{[%clk 00:03:55]} {[%emt 00:04:04]} 25. f4 {[%clk 00:04:16]} {[%emt 00:00:39]}
Rxc1 {[%clk 00:02:19]} {[%emt 00:02:06]} 26. Rxc1 {[%clk 00:04:24]} {[%emt
00:00:22]} Bxf4 {[%clk 00:02:45]} {[%emt 00:00:05]} 27. Rc3 {[%clk 00:03:38]}
{[%emt 00:01:16]} Be5 {[%clk 00:02:56]} {[%emt 00:00:19]} 28. Rc5 {[%clk
00:02:46]} {[%emt 00:01:21]} Nd7 {[%clk 00:02:39]} {[%emt 00:00:48]} 29. Rc6
{[%clk 00:03:04]} {[%emt 00:00:11]} Qh4 {[%clk 00:02:36]} {[%emt 00:00:33]} 30.
Qe3 {[%clk 00:01:14]} {[%emt 00:02:19]} Bf4 {[%clk 00:02:23]} {[%emt 00:00:44]}
31. Qc3 {[%clk 00:01:08]} {[%emt 00:00:36]} Ne5 {[%clk 00:02:28]} {[%emt
00:00:25]} 32. Rc8 {[%clk 00:00:50]} {[%emt 00:00:49]} Qxe1+ {[%clk 00:02:25]}
{[%emt 00:00:33]} 33. Qxe1 {[%clk 00:01:15]} {[%emt 00:00:05]} Rxc8 {[%clk
00:02:50]} {[%emt 00:00:05]} 34. Bb3 {[%clk 00:01:21]} {[%emt 00:00:24]} Rc1
{[%clk 00:03:10]} {[%emt 00:00:10]} 35. Bd1 {[%emt 00:00:10]} Nd3 {[%clk
00:03:32]} 0-1

[Event "Icelandic Team Championship 2021"]
[Site "Reykjavik"]
[Date "2021.10.01"]
[Round "2.12"]
[White "Storme, Isak"]
[Black "Bjornsson, Sigurbjorn"]
[Result "0-1"]
[WhiteElo "2304"]
[BlackElo "2306"]

1. d4 {[%clk 01:30:55]} {[%emt 00:00:04]} d5 {[%clk 01:30:56]} {[%emt
00:00:05]} 2. Bf4 {[%clk 01:30:36]} {[%emt 00:00:48]} Nf6 {[%clk 01:30:24]}
{[%emt 00:01:02]} 3. e3 {[%clk 01:30:52]} {[%emt 00:00:14]} g6 {[%clk
01:29:57]} {[%emt 00:00:56]} 4. c4 {[%clk 01:29:10]} {[%emt 00:02:12]} Bg7
{[%clk 01:29:16]} {[%emt 00:01:12]} 5. Nc3 {[%clk 01:27:09]} {[%emt 00:02:31]}
O-O {[%clk 01:28:42]} {[%emt 00:01:03]} 6. Nf3 {[%clk 01:27:07]} {[%emt
00:00:32]} c5 {[%clk 01:25:47]} {[%emt 00:03:25]} 7. dxc5 {[%clk 01:26:36]}
{[%emt 00:01:01]} Qa5 {[%clk 01:24:08]} {[%emt 00:02:09]} 8. Rc1 {[%clk
01:25:29]} {[%emt 00:01:36]} Rd8 {[%clk 01:18:19]} {[%emt 00:06:19]} 9. Qa4
{[%clk 00:59:50]} {[%emt 00:26:10]} Qxc5 {[%clk 00:55:51]} {[%emt 00:22:58]} 10.
b4 {[%clk 00:56:35]} {[%emt 00:03:44]} Qc6 {[%clk 00:55:13]} {[%emt 00:01:09]}
11. Qb3 {[%clk 00:55:31]} {[%emt 00:01:34]} Ne4 {[%clk 00:47:30]} {[%emt
00:08:13]} 12. Nb5 {[%clk 00:42:20]} {[%emt 00:13:40]} Na6 {[%clk 00:40:08]}
{[%emt 00:07:52]} 13. Nfd4 {[%clk 00:37:27]} {[%emt 00:05:24]} Qb6 {[%clk
00:33:21]} {[%emt 00:07:17]} 14. cxd5 {[%clk 00:36:17]} {[%emt 00:01:40]} Bd7
{[%clk 00:32:58]} {[%emt 00:00:53]} 15. Bd3 {[%clk 00:24:56]} {[%emt 00:11:51]}
Rac8 {[%clk 00:29:36]} {[%emt 00:03:52]} 16. Ke2 {[%clk 00:23:10]} {[%emt
00:02:17]} Nf6 {[%clk 00:26:42]} {[%emt 00:03:24]} 17. d6 {[%clk 00:18:47]}
{[%emt 00:04:52]} Bxb5 {[%clk 00:24:40]} {[%emt 00:02:31]} 18. Nxb5 {[%clk
00:18:41]} {[%emt 00:00:36]} Rxc1 {[%clk 00:23:49]} {[%emt 00:01:21]} 19. Rxc1
{[%clk 00:19:04]} {[%emt 00:00:07]} exd6 {[%clk 00:24:13]} {[%emt 00:00:06]} 20.
a4 {[%clk 00:15:36]} {[%emt 00:03:58]} d5 {[%clk 00:22:20]} {[%emt 00:02:24]}
21. a5 {[%clk 00:14:33]} {[%emt 00:01:33]} Qe6 {[%clk 00:22:02]} {[%emt
00:00:48]} 22. h3 {[%clk 00:12:43]} {[%emt 00:02:20]} Qe7 {[%clk 00:19:45]}
{[%emt 00:02:46]} 23. Nxa7 {[%clk 00:11:31]} {[%emt 00:01:42]} Nxb4 {[%clk
00:18:59]} {[%emt 00:01:16]} 24. Nb5 {[%clk 00:02:04]} {[%emt 00:09:56]} Nxd3
{[%clk 00:15:01]} {[%emt 00:04:28]} 25. Qxd3 {[%clk 00:02:26]} {[%emt
00:00:08]} d4 {[%clk 00:14:53]} {[%emt 00:00:39]} 26. Rc7 {[%clk 00:01:18]}
{[%emt 00:01:37]} Qb4 {[%clk 00:14:22]} {[%emt 00:01:01]} 27. Qc4 {[%clk
00:00:47]} {[%emt 00:01:02]} d3+ {[%clk 00:13:43]} {[%emt 00:01:09]} 28. Kd1
{[%clk 00:00:00]} {[%emt 00:00:46]} 0-1

[Event "Icelandic Team Championship 2021"]
[Site "Reykjavik"]
[Date "2021.10.01"]
[Round "2.13"]
[White "Heimisson, Hilmir Freyr"]
[Black "Kristinsson, Baldur"]
[Result "1-0"]
[WhiteElo "2286"]
[BlackElo "2184"]

1. c4 {[%clk 01:30:57]} {[%emt 00:00:02]} Nf6 {[%clk 01:30:08]} {[%emt
00:00:52]} 2. g3 {[%clk 01:27:36]} {[%emt 00:03:51]} g6 {[%clk 01:30:18]}
{[%emt 00:00:21]} 3. Bg2 {[%clk 01:27:31]} {[%emt 00:00:34]} Bg7 {[%clk
01:30:39]} {[%emt 00:00:09]} 4. Nc3 {[%clk 01:26:39]} {[%emt 00:01:22]} d6
{[%clk 01:30:37]} {[%emt 00:00:33]} 5. d4 {[%clk 01:25:58]} {[%emt 00:01:11]}
O-O {[%clk 01:29:53]} {[%emt 00:01:14]} 6. Nf3 {[%clk 01:26:22]} {[%emt
00:00:06]} Nc6 {[%clk 01:28:37]} {[%emt 00:01:47]} 7. O-O {[%clk 01:25:29]}
{[%emt 00:01:23]} a6 {[%clk 01:28:39]} {[%emt 00:00:28]} 8. b3 {[%clk
01:23:19]} {[%emt 00:02:39]} Rb8 {[%clk 01:26:54]} {[%emt 00:02:16]} 9. Nd5
{[%clk 01:23:42]} {[%emt 00:00:07]} Bd7 {[%clk 01:10:17]} {[%emt 00:17:07]} 10.
Nxf6+ {[%clk 01:18:16]} {[%emt 00:05:56]} Bxf6 {[%clk 01:09:33]} {[%emt
00:01:15]} 11. Bh6 {[%clk 01:18:37]} {[%emt 00:00:08]} Re8 {[%clk 01:09:07]}
{[%emt 00:00:57]} 12. d5 {[%clk 01:10:28]} {[%emt 00:08:40]} Na5 {[%clk
01:05:42]} {[%emt 00:03:56]} 13. Rc1 {[%clk 01:01:23]} {[%emt 00:09:34]} c5
{[%clk 01:02:17]} {[%emt 00:03:56]} 14. Bd2 {[%clk 01:00:15]} {[%emt 00:01:37]}
b5 {[%clk 01:01:21]} {[%emt 00:01:27]} 15. Qe1 {[%clk 01:00:02]} {[%emt
00:00:43]} Nb7 {[%clk 00:56:00]} {[%emt 00:05:51]} 16. Ng5 {[%clk 00:50:27]}
{[%emt 00:10:04]} e5 {[%clk 00:48:25]} {[%emt 00:08:06]} 17. dxe6 {[%clk
00:47:49]} {[%emt 00:03:08]} Bxe6 {[%clk 00:47:41]} {[%emt 00:01:14]} 18. Nxe6
{[%clk 00:48:05]} {[%emt 00:00:14]} Rxe6 {[%clk 00:39:45]} {[%emt 00:08:27]} 19.
Bd5 {[%clk 00:48:26]} {[%emt 00:00:09]} Re7 {[%clk 00:40:09]} {[%emt 00:00:06]}
20. Bf4 {[%clk 00:30:45]} {[%emt 00:18:11]} Qc7 {[%clk 00:28:51]} {[%emt
00:11:49]} 21. Qd2 {[%clk 00:27:54]} {[%emt 00:03:21]} Rd7 {[%clk 00:25:28]}
{[%emt 00:03:53]} 22. Rfd1 {[%clk 00:27:18]} {[%emt 00:01:06]} Nd8 {[%clk
00:22:48]} {[%emt 00:03:11]} 23. b4 {[%clk 00:20:02]} {[%emt 00:07:46]} bxc4
{[%clk 00:19:47]} {[%emt 00:03:30]} 24. Rxc4 {[%clk 00:19:11]} {[%emt
00:01:21]} Rxb4 {[%clk 00:20:11]} {[%emt 00:00:07]} 25. Rxb4 {[%clk 00:16:58]}
{[%emt 00:02:43]} cxb4 {[%clk 00:20:33]} {[%emt 00:00:08]} 26. Qxb4 {[%clk
00:17:20]} {[%emt 00:00:07]} Qc2 {[%clk 00:13:07]} {[%emt 00:07:57]} 27. Rc1
{[%clk 00:05:55]} {[%emt 00:11:55]} Qxe2 {[%clk 00:13:30]} {[%emt 00:00:07]} 28.
Re1 {[%clk 00:05:55]} {[%emt 00:00:30]} Qb5 {[%clk 00:12:23]} {[%emt 00:01:37]}
29. Re8+ {[%clk 00:04:43]} {[%emt 00:01:43]} Kg7 {[%clk 00:12:44]} {[%emt
00:00:09]} 30. Qd2 {[%clk 00:05:01]} {[%emt 00:00:12]} h5 {[%clk 00:12:40]}
{[%emt 00:00:34]} 31. Bh6+ {[%clk 00:04:48]} {[%emt 00:00:44]} Kh7 {[%clk
00:12:58]} {[%emt 00:00:12]} 32. Bf8 {[%clk 00:05:01]} {[%emt 00:00:16]} Bg7
{[%clk 00:12:21]} {[%emt 00:01:07]} 33. Bxg7 {[%clk 00:03:52]} {[%emt
00:01:39]} Kxg7 {[%clk 00:11:43]} {[%emt 00:01:07]} 34. Qd4+ {[%clk 00:03:45]}
{[%emt 00:00:37]} f6 {[%clk 00:11:38]} {[%emt 00:00:35]} 35. Rg8+ {[%clk
00:03:52]} {[%emt 00:00:24]} Kh6 {[%clk 00:09:10]} {[%emt 00:02:58]} 36. Qf4+
{[%clk 00:04:05]} {[%emt 00:00:18]} 1-0

[Event "Icelandic Team Championship 2021"]
[Site "Reykjavik"]
[Date "2021.10.01"]
[Round "2.14"]
[White "Petersson, Baldur Teodor"]
[Black "Johannesson, Oliver"]
[Result "1-0"]
[WhiteElo "2214"]
[BlackElo "2238"]

1. e4 {[%clk 01:30:54]} {[%emt 00:00:05]} c5 {[%clk 01:30:38]} {[%emt
00:00:23]} 2. Nf3 {[%clk 01:31:14]} {[%emt 00:00:10]} e6 {[%clk 01:31:02]}
{[%emt 00:00:07]} 3. d3 {[%clk 01:31:37]} {[%emt 00:00:07]} Nc6 {[%clk
01:30:18]} {[%emt 00:01:14]} 4. g3 {[%clk 01:31:38]} {[%emt 00:00:28]} d5
{[%clk 01:28:11]} {[%emt 00:02:38]} 5. Nbd2 {[%clk 01:31:59]} {[%emt 00:00:08]}
Nf6 {[%clk 01:24:23]} {[%emt 00:04:19]} 6. Bg2 {[%clk 01:32:10]} {[%emt
00:00:19]} Be7 {[%clk 01:24:36]} {[%emt 00:00:18]} 7. O-O {[%clk 01:32:28]}
{[%emt 00:00:10]} O-O {[%clk 01:25:00]} {[%emt 00:00:07]} 8. Re1 {[%clk
01:32:30]} {[%emt 00:00:27]} b5 {[%clk 01:23:35]} {[%emt 00:01:55]} 9. e5
{[%clk 01:32:09]} {[%emt 00:00:50]} Nd7 {[%clk 01:21:07]} {[%emt 00:02:59]} 10.
Nf1 {[%clk 01:32:01]} {[%emt 00:00:38]} Qb6 {[%clk 01:18:49]} {[%emt 00:02:48]}
11. h4 {[%clk 01:31:21]} {[%emt 00:01:11]} a5 {[%clk 01:17:19]} {[%emt
00:02:00]} 12. h5 {[%clk 01:26:43]} {[%emt 00:05:08]} h6 {[%clk 01:11:09]}
{[%emt 00:06:40]} 13. N1h2 {[%clk 01:23:52]} {[%emt 00:03:20]} Ba6 {[%clk
01:08:48]} {[%emt 00:02:51]} 14. Ng4 {[%clk 01:20:59]} {[%emt 00:03:23]} Rfc8
{[%clk 01:06:03]} {[%emt 00:03:15]} 15. Bf4 {[%clk 00:53:01]} {[%emt 00:28:28]}
Nf8 {[%clk 00:57:18]} {[%emt 00:09:15]} 16. Qd2 {[%clk 00:50:01]} {[%emt
00:03:30]} Qd8 {[%clk 00:46:37]} {[%emt 00:11:11]} 17. Bxh6 {[%clk 00:37:10]}
{[%emt 00:13:21]} gxh6 {[%clk 00:44:37]} {[%emt 00:02:30]} 18. Qf4 {[%clk
00:33:22]} {[%emt 00:04:18]} Qe8 {[%clk 00:30:26]} {[%emt 00:14:41]} 19. Nf6+
{[%clk 00:32:23]} {[%emt 00:01:28]} Bxf6 {[%clk 00:30:51]} {[%emt 00:00:05]} 20.
exf6 {[%clk 00:32:47]} {[%emt 00:00:06]} Ne7 {[%clk 00:24:38]} {[%emt
00:06:43]} 21. Nh4 {[%clk 00:18:37]} {[%emt 00:14:39]} 1-0

[Event "Icelandic Team Championship 2021"]
[Site "Reykjavik"]
[Date "2021.10.01"]
[Round "2.15"]
[White "Halldorsson, Jon Arni"]
[Black "Edvardsson, Kristjan"]
[Result "0-1"]
[WhiteElo "2103"]
[BlackElo "2201"]

1. d4 {[%clk 01:01:53]} {[%emt 00:29:07]} Nf6 {[%clk 01:30:10]} {[%emt
00:00:50]} 2. Nf3 {[%clk 01:02:04]} {[%emt 00:00:19]} g6 {[%clk 01:29:14]}
{[%emt 00:01:26]} 3. Bg5 {[%clk 01:01:51]} {[%emt 00:00:43]} Bg7 {[%clk
01:28:47]} {[%emt 00:00:56]} 4. Nbd2 {[%clk 01:02:14]} {[%emt 00:00:08]} d5
{[%clk 01:26:31]} {[%emt 00:02:46]} 5. e3 {[%clk 01:01:47]} {[%emt 00:00:57]}
Ne4 {[%clk 01:26:07]} {[%emt 00:00:53]} 6. Nxe4 {[%clk 01:00:47]} {[%emt
00:01:30]} dxe4 {[%clk 01:26:33]} {[%emt 00:00:05]} 7. Nd2 {[%clk 01:01:11]}
{[%emt 00:00:06]} O-O {[%clk 01:23:39]} {[%emt 00:03:24]} 8. Bc4 {[%emt
00:05:49]} c5 {[%clk 01:21:52]} 9. c3 {[%clk 00:54:01]} {[%emt 00:04:38]} cxd4
{[%clk 01:18:32]} {[%emt 00:03:50]} 10. cxd4 {[%clk 00:54:03]} {[%emt
00:00:28]} b5 {[%clk 01:16:35]} {[%emt 00:02:26]} 11. Bb3 {[%clk 00:54:01]}
{[%emt 00:00:32]} Kh8 {[%clk 01:14:29]} {[%emt 00:02:36]} 12. Nxe4 {[%clk
00:52:12]} {[%emt 00:02:19]} Bb7 {[%clk 01:13:09]} {[%emt 00:01:50]} 13. f3
{[%clk 00:52:08]} {[%emt 00:00:35]} Nd7 {[%clk 01:08:45]} {[%emt 00:04:54]} 14.
O-O {[%clk 00:51:11]} {[%emt 00:01:27]} h6 {[%clk 01:01:46]} {[%emt 00:07:29]}
15. Bh4 {[%clk 00:51:00]} {[%emt 00:00:40]} g5 {[%clk 01:02:01]} {[%emt
00:00:15]} 16. Bg3 {[%clk 00:51:01]} {[%emt 00:00:29]} f5 {[%clk 01:01:44]}
{[%emt 00:00:46]} 17. Nc3 {[%clk 00:50:40]} {[%emt 00:00:51]} f4 {[%clk
01:00:32]} {[%emt 00:01:43]} 18. exf4 {[%clk 00:49:33]} {[%emt 00:01:38]} gxf4
{[%clk 01:00:43]} {[%emt 00:00:18]} 19. Bf2 {[%clk 00:49:00]} {[%emt 00:01:02]}
Rf5 {[%clk 00:57:19]} {[%emt 00:03:54]} 20. Qd3 {[%clk 00:47:42]} {[%emt
00:01:48]} Rg5 {[%clk 00:57:33]} {[%emt 00:00:16]} 21. Rfe1 {[%clk 00:46:46]}
{[%emt 00:01:27]} Nc5 {[%clk 00:57:45]} {[%emt 00:00:18]} 22. Qd1 {[%clk
00:34:53]} {[%emt 00:12:23]} Nxb3 {[%clk 00:57:16]} {[%emt 00:00:58]} 23. axb3
{[%clk 00:35:19]} {[%emt 00:00:05]} Qd7 {[%clk 00:54:49]} {[%emt 00:02:55]} 24.
Kh1 {[%clk 00:31:13]} {[%emt 00:04:36]} Rg8 {[%clk 00:40:36]} {[%emt 00:14:43]}
25. Ne4 {[%clk 00:27:34]} {[%emt 00:04:10]} Bxe4 {[%clk 00:30:47]} {[%emt
00:10:18]} 26. fxe4 {[%clk 00:19:05]} {[%emt 00:08:59]} Bf8 {[%clk 00:17:48]}
{[%emt 00:13:30]} 27. Rg1 {[%clk 00:18:42]} {[%emt 00:00:53]} Rg3 {[%clk
00:17:02]} {[%emt 00:01:17]} 28. hxg3 {[%clk 00:16:29]} {[%emt 00:02:43]} fxg3
{[%clk 00:17:06]} {[%emt 00:00:25]} 29. Be3 {[%clk 00:16:33]} {[%emt 00:00:26]}
Rg4 {[%clk 00:13:26]} {[%emt 00:04:09]} 30. Rf1 {[%clk 00:16:32]} {[%emt
00:00:31]} Bg7 {[%clk 00:13:54]} {[%emt 00:00:02]} 31. Rf4 {[%clk 00:16:26]}
{[%emt 00:00:36]} Rg5 {[%clk 00:12:15]} {[%emt 00:02:10]} 32. Rh4 {[%clk
00:16:02]} {[%emt 00:00:54]} Rg6 {[%clk 00:12:43]} {[%emt 00:00:01]} 33. Qh5
{[%clk 00:14:56]} {[%emt 00:01:36]} Kh7 {[%clk 00:12:36]} {[%emt 00:00:37]} 34.
Qf5 {[%clk 00:14:54]} {[%emt 00:00:32]} e6 {[%clk 00:12:56]} {[%emt 00:00:10]}
35. Qf4 {[%clk 00:13:37]} {[%emt 00:01:47]} a6 {[%clk 00:10:13]} {[%emt
00:03:14]} 36. Rg4 {[%clk 00:13:23]} {[%emt 00:00:44]} e5 {[%clk 00:10:35]}
{[%emt 00:00:09]} 37. Rxg6 {[%clk 00:03:53]} {[%emt 00:10:00]} exf4 {[%clk
00:10:44]} {[%emt 00:00:20]} 38. Rxg7+ {[%clk 00:04:20]} {[%emt 00:00:04]} Qxg7
{[%clk 00:10:33]} {[%emt 00:00:40]} 39. Bxf4 {[%clk 00:02:16]} {[%emt
00:02:34]} Qg4 {[%clk 00:10:20]} {[%emt 00:00:43]} 40. Bxg3 {[%clk 00:02:34]}
{[%emt 00:00:12]} Qxg3 {[%clk 00:10:43]} {[%emt 00:00:07]} 41. Rxa6 {[%clk
00:03:02]} {[%emt 00:00:03]} Qe1+ {[%clk 00:10:25]} {[%emt 00:00:47]} 42. Kh2
{[%clk 00:03:26]} {[%emt 00:00:06]} Qxe4 {[%clk 00:10:44]} {[%emt 00:00:11]} 43.
Rb6 {[%clk 00:03:07]} {[%emt 00:00:50]} Qh4+ {[%clk 00:11:06]} {[%emt
00:00:07]} 44. Kg1 {[%clk 00:03:33]} {[%emt 00:00:04]} 0-1

[Event "Icelandic Team Championship 2021"]
[Site "Reykjavik"]
[Date "2021.10.01"]
[Round "2.16"]
[White "Kristjansson, Atli Freyr"]
[Black "Thorsteinsson, Erlingur"]
[Result "1-0"]
[WhiteElo "2185"]
[BlackElo "2051"]

1. d4 {[%clk 01:30:53]} {[%emt 00:00:06]} Nf6 {[%emt 00:01:32]} 2. h3 {[%clk
01:30:43]} {[%emt 00:00:13]} d5 {[%clk 01:29:54]} {[%emt 00:00:32]} 3. Nf3
{[%clk 01:31:00]} {[%emt 00:00:14]} Bf5 {[%clk 01:30:02]} {[%emt 00:00:21]} 4.
c3 {[%clk 01:31:16]} {[%emt 00:00:13]} h6 {[%clk 01:26:10]} {[%emt 00:04:23]} 5.
g4 {[%clk 01:31:12]} {[%emt 00:00:34]} Bh7 {[%clk 01:26:36]} {[%emt 00:00:03]}
6. Bg2 {[%clk 01:31:32]} {[%emt 00:00:10]} Nbd7 {[%clk 01:26:49]} {[%emt
00:00:17]} 7. Bf4 {[%clk 01:31:45]} {[%emt 00:00:17]} c6 {[%clk 01:27:15]}
{[%emt 00:00:03]} 8. O-O {[%clk 01:32:00]} {[%emt 00:00:16]} e6 {[%clk
01:27:43]} {[%emt 00:00:02]} 9. Nbd2 {[%clk 01:32:18]} {[%emt 00:00:12]} Be7
{[%clk 01:28:09]} {[%emt 00:00:04]} 10. Qb3 {[%clk 01:30:47]} {[%emt 00:02:01]}
Qb6 {[%clk 01:28:31]} {[%emt 00:00:07]} 11. Rfc1 {[%clk 01:30:39]} {[%emt
00:00:38]} Ne4 {[%clk 01:28:44]} {[%emt 00:00:17]} 12. c4 {[%clk 01:29:12]}
{[%emt 00:01:58]} Nxd2 {[%clk 01:28:58]} {[%emt 00:00:15]} 13. Nxd2 {[%clk
01:28:58]} {[%emt 00:00:43]} dxc4 {[%clk 01:28:22]} {[%emt 00:01:07]} 14. Nxc4
{[%clk 01:27:52]} {[%emt 00:01:36]} Qb4 {[%clk 01:13:13]} {[%emt 00:15:39]} 15.
Qxb4 {[%clk 01:27:44]} {[%emt 00:00:38]} Bxb4 {[%clk 01:13:38]} {[%emt
00:00:05]} 16. a3 {[%clk 01:28:00]} {[%emt 00:00:14]} Be7 {[%clk 01:13:03]}
{[%emt 00:01:05]} 17. Na5 {[%clk 01:28:17]} {[%emt 00:00:13]} Rc8 {[%clk
01:13:30]} {[%emt 00:00:03]} 18. Nxb7 {[%clk 01:28:28]} {[%emt 00:00:19]} O-O
{[%clk 01:13:30]} {[%emt 00:00:30]} 19. Nd6 {[%clk 01:28:01]} {[%emt 00:00:56]}
Rb8 {[%clk 01:13:43]} {[%emt 00:00:17]} 20. b4 {[%clk 01:28:15]} {[%emt
00:00:16]} Rb6 {[%clk 01:14:01]} {[%emt 00:00:12]} 21. Rxc6 {[%clk 01:28:15]}
{[%emt 00:00:31]} Rxc6 {[%clk 01:14:15]} {[%emt 00:00:15]} 22. Bxc6 {[%clk
01:28:34]} {[%emt 00:00:11]} Nb6 {[%clk 01:14:39]} {[%emt 00:00:04]} 23. Nb5
{[%clk 01:26:36]} {[%emt 00:02:30]} Nd5 {[%clk 01:09:30]} {[%emt 00:05:39]} 24.
Bxd5 {[%clk 01:26:19]} {[%emt 00:00:47]} exd5 {[%clk 01:09:58]} {[%emt
00:00:02]} 25. Nxa7 {[%clk 01:26:17]} {[%emt 00:00:31]} Ra8 {[%clk 01:10:14]}
{[%emt 00:00:14]} 26. Nc6 {[%clk 01:26:37]} {[%emt 00:00:11]} Bf8 {[%clk
01:10:40]} {[%emt 00:00:03]} 27. b5 {[%clk 01:26:48]} {[%emt 00:00:20]} Bc2
{[%clk 01:05:45]} {[%emt 00:05:25]} 28. b6 {[%clk 01:27:00]} {[%emt 00:00:18]}
1-0